Địa vật lý thăm dò T.1 Thăm dò điện

Guardat en:
Dades bibliogràfiques
Autor principal: Phạm Năng Vũ (chủ biên)
Altres autors: Lâm Quang Thiệp, Tôn Tích Ái
Format: Llibre
Publicat: H. Đại học và trung học chuyên nghiệp 1979
Matèries:
Etiquetes: Afegir etiqueta
Sense etiquetes, Sigues el primer a etiquetar aquest registre!
Thư viện lưu trữ: Trung tâm Học liệu Lê Vũ Hùng, Trường Đại học Đồng Tháp
LEADER 00926pam a22002658a 4500
001 00017291
005 20171026081022.0
008 110419s1979 ||||||Viesd
041 0 # |a Vie 
082 1 # |a 622.154  |b Đ301V 
100 0 # |a Phạm Năng Vũ  |e chủ biên 
245 0 0 |c Phạm Năng Vũ, Lâm Quang Thiệp, Tôn Tích Ái, Nguyễn Sang  |n T.1  |p Thăm dò điện  |a Địa vật lý thăm dò 
260 # # |a H.  |b Đại học và trung học chuyên nghiệp  |c 1979 
300 # # |a 292 tr.  |b Hình vẽ  |c 21 cm. 
653 # # |a Khoa học trái đất 
653 # # |a Phóng xạ 
653 # # |a Địa vật lý 
653 # # |a Thăm dò 
700 0 # |a Lâm Quang Thiệp 
700 0 # |a Tôn Tích Ái 
852 # # |b Kho đọc  |j KD.0002541 
852 # # |j KD.0002541 
910 |d 19/04/2011 
980 # # |a Trung tâm Học liệu Lê Vũ Hùng, Trường Đại học Đồng Tháp